| 000 | 00536nam a22001577a 4500 | ||
|---|---|---|---|
| 999 |
_c534709 _d534709 |
||
| 020 | _qHard Cover. | ||
| 082 | _a621.3678 | ||
| 100 | _aYounus, Safoora | ||
| 245 |
_aSpatio-Tempral eutrophication assessment of Kallar Khar Lake using remote sensing data / _cSafoora Younus. |
||
| 260 |
_aIslamabad : _bIGIS - NUST, _c2012. |
||
| 300 |
_axiv, 84 p. ill. ; _c30cm. |
||
| 942 |
_2ddc _cTHE |
||
| 650 |
_aGIS and Reote Sensing MS-Thesis. _929030 |
||
| 700 |
_aDr. Ejaz Hussain. _919330 |
||